Politico-economic problems of capitalism / (Record no. 58771)
[ view plain ]
| 000 -LEADER | |
|---|---|
| fixed length control field | 00875cam a22002651a 4500 |
| 001 - CONTROL NUMBER | |
| control field | 58771 |
| 003 - CONTROL NUMBER IDENTIFIER | |
| rucl marc code | BD-RjUL |
| 005 - DATE AND TIME OF LATEST TRANSACTION | |
| control field | 20211209080645.0 |
| 008 - FIXED-LENGTH DATA ELEMENTS--GENERAL INFORMATION | |
| fixed length control field | 161219s1968 rur b 000 0 eng |
| 035 ## - SYSTEM CONTROL NUMBER | |
| System control number | (BD-RjUL)58895 |
| System control number | 2546163 |
| 040 ## - CATALOGING SOURCE | |
| Original cataloging agency | LC |
| Language of cataloging | eng |
| Transcribing agency | LC |
| Modifying agency | LC |
| 041 1# - LANGUAGE CODE | |
| Language code of text/sound track or separate title | engrus |
| 082 0# - DEWEY DECIMAL CLASSIFICATION NUMBER | |
| Classification number | 330.9 |
| Edition number | 23 |
| Author mark and year | VAP 1968 |
| 100 1# - MAIN ENTRY--PERSONAL NAME | |
| Personal name | Varga, Eugen, |
| Dates associated with a name | 1879-1964. |
| 9 (RLIN) | 174711 |
| 245 10 - TITLE STATEMENT | |
| Title | Politico-economic problems of capitalism / |
| Statement of responsibility, etc. | [by] Y. Varga. Translated from the Russian by Don. Danemanis. |
| 260 ## - PUBLICATION, DISTRIBUTION, ETC. (IMPRINT) | |
| Place of publication, distribution, etc. | Moscow : |
| Name of publisher, distributor, etc. | Progress Publishers, |
| Date of publication, distribution, etc. | 1968. |
| 300 ## - PHYSICAL DESCRIPTION | |
| Pagination | 351 p. ; |
| Size | 20 cm. |
| 500 ## - GENERAL NOTE | |
| General note | Translation of Ocherki po probleman politekonomii kapitalizma. |
| 504 ## - BIBLIOGRAPHY, ETC. NOTE | |
| Bibliography, etc | Bibliographical footnotes. |
| 650 #0 - SUBJECT ADDED ENTRY--TOPICAL TERM | |
| Topical term or geographic name as entry element | Economic history |
| Chronological subdivision | 1945-1971. |
| 9 (RLIN) | 174712 |
| 942 ## - ADDED ENTRY ELEMENTS (KOHA) | |
| Source of classification or shelving scheme | Dewey Decimal Classification |
| Koha item type | Books |
| Lost status | Source of classification or shelving scheme | Damaged status | Not for loan | Collection code | Permanent Location | Current Location | Shelving location | Date acquired | Source of acquisition | Total Checkouts | Full call number | Date last seen | Copy number | Koha item type |
|---|---|---|---|---|---|---|---|---|---|---|---|---|---|---|
| Dewey Decimal Classification | Not For Loan | Non-fiction | Central Library, University of Rajshahi | Central Library, University of Rajshahi | Reading Room | 30/10/1990 | Professor Shawkat Osman | 330.9 VAP 1968 | 19/12/2016 | C-1 | Books |